Mustang, Camaro, or Firebird? - Statistics

General Stats
  • This quiz has been taken 20 times
  • The average score is 12 of 15
Answer Stats
Question Answer % Correct
The Shelby company made modifications to this car Mustang
100%
Means "friend, pal, or comrade" Camaro
95%
Had an optional "Screaming Chicken" hood decal Firebird
95%
Is still being produced Mustang
95%
The company that made is shut down Firebird
90%
Created the "Pony Car" class Mustang
90%
Was featured in the film Bullitt Mustang
90%
Was first produced first Mustang
85%
The Tranformers car Bumblebee was modeled after this car Camaro
80%
This car was helped popularized by Smokey and the Bandit Firebird
80%
Its name came from Slavic folklore Firebird
65%
Was originally named after a fighter plane Mustang
60%
Was available in T-Tops first Firebird
55%
During development it was known as 'Panther' Camaro
50%
The first model was made in Norwood, Ohio Camaro
45%
No matching quizzes found
Score Distribution
Percent of People with Each Score
Percentile by Number Answered
Your Score History
You have not taken this quiz